| 000 | 02441nab a2200253 i 4500 | ||
|---|---|---|---|
| 003 | BR-BrBNA | ||
| 005 | 20250428140214.0 | ||
| 008 | 250428b2017 bl.qr|pooa||| 00| 0 por | | ||
| 040 |
_aBR-BrBNA _bpor |
||
| 072 | _aF70 | ||
| 100 | _aEngels, Mathias Erich | ||
| 100 | _aRocha, Lilien Cristhiane Ferneda | ||
| 100 | _aPessoa, Edlley Max | ||
| 245 | _aO gênero Coryanthes (Orchidaceae-Stanhopeinae) no estado do Mato Grosso, Brasil | ||
| 500 | _aPublicação on-line; 25 ref.; 7 illus.; Summaries (En, Pt) | ||
| 520 | _a Resumo Devido à existência de lacunas sobre o conhecimento do gênero Coryanthes no Mato Grosso, é apresentado o estudo taxonômico das espécies encontradas no estado, além de comentários taxonômicos, ecológicos e históricos. Registramos a ocorrência de quatro espécies do gênero: C. speciosa redescoberta após 87 anos das expedições de Frederico Carlos Hoehne na área; C.dasilvaee C. macrantha novos registros para a região Centro-Oeste do Brasil e C. wenzeliana descrita recentemente, conhecida até então apenas pelo exemplar tipo. Durante esse estudo também foi constatado que o tipo de C. macrantha foi destruído, sendo um lectótipo designado aqui. Palavras-chave: Cerrado, Cymbidieae, Epidendroideae, flora, Floresta Amazônica. Abstract Due to knowledge gaps on the genus Coryanthes from the state of Mato Grosso, is provided a taxonomic study of the species from the state, including ecological, historical and taxonomic comments. Four species of the genus are treated: C. speciosa rediscovered in the state after 87 years of Frederico Carlos Hoehne’s expeditions; C. dasilvaeand C. macrantha new records to the Central-Western region of Brazil and C. wenzeliana recently described species, known only from the type specimen. During this study we also discovered that the type of C. macrantha was destroyed, and a lectotype for this name was designed here. Key words: Cerrado, Cymbidieae, Epidendroideae, flora, Amazon Forest. | ||
| 650 | _aCERRADO | ||
| 650 | _aFLORA | ||
| 650 | _aFLORESTA AMAZÔNICA | ||
| 773 | 0 |
_0709 _9349998 _dRio de Janeiro-RJ Jardim Botanico do Rio de Janeiro 1935 _o2025-2520 _tRodriguésia (Brazil) _x0370-6583; 2175-7860 on-line _gv. 68(2) p. 489-501; (2017) _wBR2025000785 |
|
| 856 | _uhttps://www.scielo.br/j/rod/a/n5Hv8NKwjMXLn4xBCDfTf8N/?format=pdf&lang=pt | ||
| 942 | _cANA | ||
| 999 |
_c331228 _d331228 |
||